Bem és Erdély
Elmentve itt :
| Szerző: | |
|---|---|
| Adatforrás: | Meister |
| Forrásdokumentuma: | A Hét. - 20 ; 21 sz., 1998, 3-4 ; 3-4 p. |
| Nyelv: | magyar |
| Kulcsszavak: | kisebbségtörténet Erdély, 1848 Erdély BEM József |
| LEADER | 00397nab a2200157 i 4500 | ||
|---|---|---|---|
| 001 | bibPRO00007472 | ||
| 008 | 060524s1998 xx hun | ||
| 040 | |a Sz1 | ||
| 041 | |a hun | ||
| 100 | 1 | |a CSETRI Elek | |
| 245 | 1 | 0 | |a Bem és Erdély |c CSETRI Elek |
| 695 | |a kisebbségtörténet | ||
| 695 | |a Erdély, 1848 | ||
| 695 | |a Erdély | ||
| 695 | |a BEM József | ||
| 773 | 0 | |t A Hét. - |g 20 ; 21 sz., 1998, 3-4 ; 3-4 p. | |